000 00313nam a22001217a 4500
008 230501b |||||||| |||| 00| 0 eng d
100 _aN. V. Paranjape
245 _aLaw Relating to Arbitration & Conciliation in India
260 _aAllahabad
_bALA
_c2010
300 _a432
546 _aEnglish
942 _2ddc
_cBK
999 _c19950
_d19950